A Secure Communication Framework for Enterprise Networks using SDN/ (Record no. 610302)

000 -LEADER
fixed length control field 00536nam a22001697a 4500
003 - CONTROL NUMBER IDENTIFIER
control field NUST
038 ## - RECORD CONTENT LICENSOR
Staff Name Nusrat Nadeem
082 ## - DEWEY DECIMAL CLASSIFICATION NUMBER
Classification number 200
100 ## - MAIN ENTRY--PERSONAL NAME
Personal name Rauf, Bilal
245 ## - TITLE STATEMENT
Title A Secure Communication Framework for Enterprise Networks using SDN/
Statement of responsibility, etc. Bilal Rauf,
264 ## - PRODUCTION, PUBLICATION, DISTRIBUTION, MANUFACTURE, AND COPYRIGHT NOTICE
Place of production, publication, distribution, manufacture Rawalpindi;
Name of producer, publisher, distributor, manufacturer MCS NUST
Date of production, publication, distribution, manufacture, or copyright notice 2021.
300 ## - PHYSICAL DESCRIPTION
Extent 103,p;
Other physical details ill;
Dimensions 30,cm.
690 ## - LOCAL SUBJECT ADDED ENTRY--TOPICAL TERM (OCLC, RLIN)
Topical term or geographic name as entry element Ph.D-Information Security
700 ## - ADDED ENTRY--PERSONAL NAME
Personal name Supervisor:Dr. Haider Abbas
856 ## - ELECTRONIC LOCATION AND ACCESS
Uniform Resource Identifier <a href="http://10.250.8.41:8080/xmlui/handle/123456789/28923">http://10.250.8.41:8080/xmlui/handle/123456789/28923</a>
942 ## - ADDED ENTRY ELEMENTS (KOHA)
Source of classification or shelving scheme
Koha item type Soft Copy
Holdings
Withdrawn status Permanent Location Current Location Shelving location Date acquired Full call number Barcode Koha item type
  Central Library (CL) Central Library (CL) Thesis 07/11/2024 200 CLPT-230 Soft Copy
© 2023 Central Library, National University of Sciences and Technology. All Rights Reserved.